00295nam a2200133Ia 4500008004100000020001500041041001200056082001600068100002000084245001200104260002500116300000800141650001200149221030s9999 xx 000 0 und d a0140022058 aEnglish a105.23bWod aP. G. Wodehouse 0aUkridge bPenguin books.c1924 a241 aGeneral